000 00611aas a2200181 4500
999 _c50102
_d50102
001 768714001
003 CO-MdFUSB
005 20170912123954.0
008 170912s2002 ag ||||| |||| 00| 0 spa d
022 _a0326-6737
040 _aCO-MdFUSB
_bspa
_cCO-MdFUSB
_dCO-MdFUSB
041 _aspa
100 1 _aCervantes Ortiz, Leopoldo
_eautor
245 1 0 _aUna aproximación a la biografía de Martín Lutero
_c/ Cervantes Ortiz, Leopoldo
300 _aVolumen 21 (2002), páginas 265-294
_c: 23 cm.
773 0 _tCuadernos de Teología
_049404
_959700
_gVolumen 21 (2002), páginas 265-294
_qPágina 265
942 _cANA